000 00490nam a2200193Ia 4500
008 220216s9999 xx 000 0 und d
100 _aMurbach M R
245 0 _aNPK fertilization and dry rubber production by Hevea brasiliensis
260 _bScientia Agricola
_c1999
300 _a71-76
650 _aFertilization
650 _aNPK
650 _aRubber tree
700 _aBoaretto A E
700 _aBoaretto R M
700 _aMuraoka T
700 _aSilveira R I
942 _cJS
999 _c64122
_d64122